000 00451nam a2200169 i 4500
001 bg
100 1 _aWHITE, R.E.
245 0 _aAn introduction to the finite element method with applications tononlinear... /
_cR.E.White.
260 _aNew York :
_bJohn Wiley and Sons,
_c1985.
020 _a0471809098
040 _cBPK
041 _apol
080 _a624
920 _a0-471-80909-8
942 _cKS
008 s pl f |000 0 pol
999 _c29123
_d29123
856 _uhttp://koha.tu.koszalin.pl/cgi-bin/koha/opac-detail.pl?biblionumber=29123
_yKatalog online BPK